Cidades de Equipes do NBB - Statistics

Estatísticas Gerais
  • Esse quiz foi jogado 64 vezes
  • A pontuação média é 15 de 17
Estatísticas das Respostas
Equipe Cidade Estado % Correto
Bauru Basket Bauru SP
98%
F. Basquete Cearanse Fortaleza CE
98%
BRB Brasília Brasília DF
96%
Caxias Basquete Caxias do Sul RS
96%
Mogi das Cruzes Mogi das Cruzes SP
96%
Flamengo Basquete Rio de Janeiro RJ
96%
Corinthians São Paulo SP
96%
123 Minas Belo Horizonte MG
94%
São Paulo São Paulo SP
94%
Sesi Franca Franca SP
92%
Rio Claro Rio Claro SP
92%
Paulistano/ Corpore São Paulo SP
92%
Pinheiros São Paulo SP
92%
Cerrado Basquete Brasília DF
90%
Pato Basquete Pato Branco PR
73%
Unifacisa Campina Grande PB
58%
Luvix/ União Corinthians Santa Cruz do Sul RS
35%
Nenhum quiz correspondente encontrado
Distribuição das Pontuações
Porcentagem de Pessoas com Cada Pontuação
Percentil de Números Respondidos
Sua Pontuação Histórica
Você não jogou esse quiz